1841 1627 1402 1408 1501 1001 1652 1872 1869 1991 1760 1264 1855 1226 1177 1608 1027 1314 1739 1718 1889 1250 1140 1447 1737 1265 1369 1915 1849 1203 1952 1044 1046 1409 1080 1025 1847 1510 1397 1998 1396 1630 1792 1988 1686 1667 1002 1617 1068 1835 1154 1118 1136 1989 1586 1667 1248 1746 1842 1680 1924 1164 1057 1975 1808 1275 1671 1963 1021 1339 1937 1589 1303 1224 1067 1672 1251 1917 1617 1434 1702 1386 1102 1178 1298 1732 1524 1420 1654 1973 1550 1712 1481 1109 1520 1523 1253 1593 1257 BCNSPRNW ULIB Ver.6.0+V

เปลี่ยนเป็นภาษาไทย

Change to English
 แสดงรายละเอียดบรรณานุกรม
  กลับหน้าหลัก

Brief Record : Get Marc (ISO 2709) : E-mail record : QR code < ปิดหน้าต่าง
LEADER : 00000nam 2200000uu 4500
001    13399113212
003     ULIB
008    111003s2553||||th 000 0 tha d
020    9786117033155
041 1  tha^heng
050 04 QB^bค796ว 2553
100 1  เคอร์รอด, โรบิน
245 10 วิถีความเป็นไปแห่งเอกภพ = The way the universe works /^cโดยโรบิน เคอรอด และ ไจลส์ สแปรโรว์ ; [สุทัศน์ ยกส้าน, แปล]
250    พิมพ์ครั้งที่ 2
260    กรุงเทพฯ :^bปาเจรา,^c2553
300    160 หน้า :^bภาพประกอบสี ;^c29 ซม
505 2  ดูเอกภพ -- ระบบสุริยะ -- ดาวเคราะห์ -- ดาวฤกษ์ -- กาแล็กซี -- เอกภพที่ลึกลับ
650  7 ดาราศาสตร์
650  7 จักรวาล
650  7 ดาราศาสตร์^xการทดลอง
700 1  สแปรโรว์, ไจลส์
700 0  สุทัศน์ ยกส้าน
700 12 Kerrod, Robin.^tThe way the universe works
700 12 Sparrow, Giles.^tThe way the universe works
945    ^p565^l0^i028876
995    ทศพร
999 ^a ทศพร
รายการนี้ยังไม่มีแท็ก
คุณยังไม่ได้ล็อกอิน คุณสามารถมีกิจกรรมร่วมกับเว็บไซต์ได้ แต่ต้องล็อกอินก่อน ::
  ล็อกอิน

รายการสื่อสารสนเทศ

ลำดับที่ ประเภท เลขเรียก/บาร์โค้ด สถานที่ สถานะ
- ไม่พบข้อมูล -

รายการใกล้เคียง
    หัวเรื่อง [ดาราศาสตร์]
    หัวเรื่อง [จักรวาล]

BibComment


ยังไม่เคยถูกคอมเมนท์

คอมเมนท์ทรัพยากรรายการนี้
  คอมเมนท์: วิถีความเป็นไปแห่..


 Copyright 2026. Bcnsprnw @Library